Victoires de l'artiste masculin - Statistiques

Statistiques générales
  • Ce quiz a été pris 24 fois
  • Le résultat moyen est 15 sur 41
Statistiques - réponses
Hint Réponse % Correct
1998 Florent Pagny
85%
1987 Johnny Hallyday
85%
1994 Alain Souchon
75%
2013 Dominique A
75%
2000 M
75%
2005 M
75%
2025 Gims
70%
1992 Patrick Bruel
60%
1993 Alain Bashung
50%
1999 Alain Bashung
50%
2009 Alain Bashung
50%
1986 Jean-Jacques Goldman
50%
2016 Vianney
50%
2024 Vianney
50%
1990 Francis Cabrel
45%
2015 Julien Doré
45%
1997 Charles Aznavour
35%
2018 Orelsan
35%
2022 Orelsan
35%
2010 Benjamin Biolay
30%
2021 Benjamin Biolay
30%
2004 Calogero
30%
2003 Renaud
30%
2017 Renaud
30%
2014 Stromae
30%
2023 Stromae
30%
2011 Gaëtan Roussel
25%
1991 Michel Sardou
25%
2007 Bénabar
20%
1995 MC Solaar
20%
2002 Gérald de Palmas
15%
1996 Maxime Le Forestier
15%
2019 Bigflo et Oli
10%
2001 Henri Salvador
10%
1985 Michel Jonasz
10%
2006 Raphaël
10%
1988 Claude Nougaro
5%
2008 Abd al Malik
0%
2024 Gazo
0%
2012 Hubert-félix Thiéfaine
0%
2020 Philippe Katerine
0%
Aucun quiz correspondant
Distribution des résultats
% des personnes avec chaque résultat
Percentile par nombre de réponses
Votre historique - résultats
Vous n’avez pas pris ce quiz